Statistics for Cutest animals

Click here to take the quiz!

General Stats

  • This quiz has been taken 288 times
  • The average score is 3 of 8

Answer Stats

HintAnswer% Correct
1dog
100%
3cat
99%
2bear
28%
8fox
19%
4otter
9%
7seal
8%
6racoon
6%
5pengiun
3%

Score Distribution

Percentile by Number Answered

Percent of People with Each Score

Your Score History

You have not taken this quiz